[Event "Titled Tuesday intern op 12th Mar Late"]
[Site "Chess.com INT"]
[Date "2024.03.12"]
[Round "7"]
[White "Durarbayli, Vasif"]
[Black "Gubajdullin, Alexey"]
[Result "0-1"]
[WhiteElo "2627"]
[BlackElo "2244"]
[PlyCount "80"]
[EventDate "2024.03.12"]
[EventType "swiss (blitz)"]
[EventRounds "11"]
[EventCountry "USA"]
[SourceTitle "CB12_2024"]
[SourceDate "2023.10.01"]
[SourceVersion "1"]
[SourceVersionDate "2023.10.01"]
[SourceQuality "1"]

1. e4 g6 2. d4 Bg7 3. Nc3 d6 4. Be3 a6 5. h4 h6 6. h5 g5 7. f4 gxf4 8. Bxf4 Nc6 9. Nf3 Nf6 10. Qd2 Ng4 11. d5 Nce5 12. 0-0-0 c5 13. dxc6 bxc6 14. Nd4 Rb8 15. Rh3 Qb6 16. b3 Qb4 17. Rg3 c5 18. Nf5 Bxf5 19. exf5 c4 20. Kb1 Nd3 21. Nd5 Qa3 22. c3 Rxb3+ 23. axb3 Qxb3+ 24. Ka1 Qa4+ 25. Kb1 Qb3+ 26. Ka1 Qa4+ 27. Kb1 0-0 28. Rxd3 Rb8+ 29. Qb2 Rxb2+ 30. Kxb2 Qb3+ 31. Kc1 cxd3 32. Rxd3 Nf2 33. Rg3 Qd1+ 34. Kb2 Qxf1 35. f6 exf6 36. Bxh6 Qb5+ 37. Kc1 Qxd5 38. Rxg7+ Kh8 39. Rg3 Ne4 40. Bg7+ Kh7 0-1

[Event "Titled Tuesday intern op 13th Feb Late"]
[Site "Chess.com INT"]
[Date "2024.02.13"]
[Round "4"]
[White "Nakamura, Hikaru"]
[Black "Durarbayli, Vasif"]
[Result "0-1"]
[WhiteElo "2788"]
[BlackElo "2627"]
[PlyCount "60"]
[EventDate "2024.02.13"]
[EventType "swiss (blitz)"]
[EventRounds "11"]
[EventCountry "USA"]
[SourceTitle "CB08_2024"]
[SourceDate "2024.02.21"]
[SourceVersion "1"]
[SourceVersionDate "2024.02.21"]
[SourceQuality "1"]

1. e4 e6 2. d3 d5 3. Nd2 Nc6 4. Ngf3 g6 5. e5 d4 6. a4 Bg7 7. Nc4 b6 8. h4 h6 9. g3 Ba6 10. Bf4 Nge7 11. Bg2 Nd5 12. Bd2 Qd7 13. 0-0 0-0-0 14. a5 b5 15. Na3 g5 16. hxg5 hxg5 17. Bxg5 Rdg8 18. Qe2 Rh5 19. Rfe1 Bf8 20. Bd2 Rgh8 21. c4 dxc3 22. bxc3 b4 23. Nb1 bxc3 24. Nxc3 Ndb4 25. Be3 Qxd3 26. Qb2 Qh7 27. Nh4 Rxh4 28. gxh4 Qxh4 29. f4 Qh2+ 30. Kf2 Nd3+ 0-1

[Event "Titled Tuesday intern op 06th Feb Late"]
[Site "Chess.com INT"]
[Date "2024.02.06"]
[Round "4"]
[White "Kushko, Dmitriy"]
[Black "Durarbayli, Vasif"]
[Result "0-1"]
[WhiteElo "2445"]
[BlackElo "2627"]
[PlyCount "86"]
[EventDate "2024.02.06"]
[EventType "swiss (blitz)"]
[EventRounds "11"]
[EventCountry "USA"]
[SourceTitle "CB07_2024"]
[SourceDate "2024.02.14"]
[SourceVersion "1"]
[SourceVersionDate "2024.02.14"]
[SourceQuality "1"]

1. Nf3 d5 2. g3 c5 3. Bg2 Nf6 4. 0-0 Nc6 5. d4 cxd4 6. Nxd4 e5 7. Nxc6 bxc6 8. c4 Be6 9. Qa4 Qd7 10. Rd1 Rc8 11. cxd5 cxd5 12. Qxd7+ Nxd7 13. e3 Bg4 14. f3 Be6 15. Nc3 Nb6 16. f4 e4 17. f5 Bxf5 18. Nxd5 Bg4 19. Rd4 f5 20. Nxb6 axb6 21. h3 Be2 22. Bd2 Bc5 23. Rd5 0-0 24. Kf2 Bc4 25. Rd7 Rcd8 26. Rxd8 Rxd8 27. Bc3 Rd3 28. Re1 Bxa2 29. Bf1 Rd7 30. b4 Be7 31. Ra1 Be6 32. Bb5 Rc7 33. Bd4 Rc2+ 34. Kg1 Bxb4 35. Ra8+ Rc8 36. Ra7 Bf8 37. Bxb6 Rb8 38. Ra6 Bc8 39. Bc4+ Kh8 40. Ra7 Rxb6 41. Ra8 Rc6 42. Bd5 Rc1+ 43. Kf2 g6 0-1

[Event "Chessable Masters Play In"]
[Site "Chess.com INT"]
[Date "2024.01.31"]
[Round "5"]
[White "Durarbayli, Vasif"]
[Black "Tari, Aryan"]
[Result "1-0"]
[WhiteElo "2627"]
[BlackElo "2623"]
[PlyCount "59"]
[EventDate "2024.01.31"]
[EventType "swiss (rapid)"]
[EventRounds "9"]
[EventCountry "USA"]
[SourceTitle "CB06_2024"]
[SourceDate "2024.02.07"]
[SourceVersion "1"]
[SourceVersionDate "2024.02.07"]
[SourceQuality "1"]

1. e4 e5 2. Nf3 Nc6 3. d4 exd4 4. Nxd4 Nf6 5. Nxc6 bxc6 6. e5 Qe7 7. Qe2 Nd5 8. h4 d6 9. exd6 cxd6 10. g3 Bf5 11. Na3 Nb4 12. Be3 Be4 13. Rh2 d5 14. f3 Bf5 15. g4 Bc8 16. c3 Na6 17. Nc2 Nc7 18. 0-0-0 Be6 19. f4 Bd7 20. Re1 Kd8 21. f5 f6 22. h5 h6 23. Qd2 Qe4 24. Nd4 Bd6 25. Rg2 c5 26. Bxh6 cxd4 27. Rxe4 dxe4 28. Bxg7 Nd5 29. Qxd4 Bf4+ 30. Kb1 1-0

[Event "Titled Tuesday intern op 23rd Jan Late"]
[Site "Chess.com INT"]
[Date "2024.01.23"]
[Round "4"]
[White "Cordoba Roa, Angel Gabriel"]
[Black "Durarbayli, Vasif"]
[Result "1/2-1/2"]
[WhiteElo "2312"]
[BlackElo "2627"]
[PlyCount "180"]
[EventDate "2024.01.23"]
[EventType "swiss (blitz)"]
[EventRounds "11"]
[EventCountry "USA"]
[SourceTitle "CB05_2024"]
[SourceDate "2024.01.31"]
[SourceVersion "1"]
[SourceVersionDate "2024.01.31"]
[SourceQuality "1"]

1. e4 c5 2. Nf3 d6 3. d4 cxd4 4. Nxd4 Nf6 5. Nc3 a6 6. Bg5 e6 7. f4 h6 8. Bh4 Nbd7 9. Qe2 e5 10. fxe5 Nxe5 11. 0-0-0 Be7 12. Nf3 Qa5 13. Kb1 g5 14. Be1 Qc7 15. h4 Rg8 16. hxg5 hxg5 17. Nxe5 dxe5 18. Nd5 Nxd5 19. exd5 Bf5 20. Bc3 Bd6 21. g4 Bg6 22. Bg2 0-0-0 23. Be4 Kb8 24. Rh6 Bxe4 25. Qxe4 Ka8 26. Rf1 Rd7 27. a4 Rc8 28. Rf5 Qc5 29. Rhf6 Qc4 30. Qxc4 Rxc4 31. Bxe5 Bxe5 32. Rxe5 Rxg4 33. b3 Rg1+ 34. Kb2 g4 35. Ref5 g3 36. Rxf7 Rxf7 37. Rxf7 g2 38. Rg7 Rd1 39. Rxg2 Rxd5 40. b4 Ka7 41. Kb3 Rh5 42. c3 Rh3 43. Rg7 Rf3 44. a5 Rh3 45. Rc7 Rg3 46. Kc4 Rg4+ 47. Kd3 Rg3+ 48. Ke4 Rg4+ 49. Kd5 Rh4 50. Rc4 Rh5+ 51. Kd4 Rh4+ 52. Kd3 Rh3+ 53. Kc2 Rh2+ 54. Kb3 Rh3 55. Rd4 Rg3 56. Kc2 Rg2+ 57. Rd2 Rg3 58. c4 Rh3 59. Rd3 Rh1 60. Kc3 Rb1 61. Rd2 Kb8 62. Rb2 Rh1 63. Rd2 Rb1 64. Rc2 Kc7 65. Rh2 Kb8 66. Rh8+ Kc7 67. Rh7+ Kb8 68. Rh5 Kc7 69. b5 axb5 70. cxb5 Ra1 71. Rh7+ Kc8 72. Kb4 Rc1 73. Rh8+ Kd7 74. Rh7+ Kc8 75. Rh5 Kb8 76. Rh8+ Rc8 77. Rxc8+ Kxc8 78. Kc5 Kc7 79. Kd5 Kd7 80. Ke5 Kc8 81. Ke6 Kc7 82. Ke7 Kc8 83. Kd6 Kd8 84. Kd5 Kd7 85. Kc5 Kc7 86. Kd5 Kc8 87. Ke6 Kc7 88. Ke7 Kc8 89. Kd6 Kd8 90. Kc5 Kc7 1/2-1/2